[Event "1994/95 Cepacol Australian Open"]
[Site "Kings Perth Hotel"]
[Date "1995.01.10"]
[Round "11"]
[White "Lilly, Richard"]
[Black "Ellis, David"]
[Result "0-1"]
[WhiteElo "1830"]
[BlackElo "1943"]

1.e4 e6 2.d4 d5 3.Nd2 Nf6 4.e5 Nfd7 5.f4 c5 6.c3 Nc6 7.Ngf3 cxd4 8.cxd4 
Qb6 9.Nb3 a5 10.a4 Bb4+ 11.Kf2 f6 12.Be3 O-O 13.Bd3 g5 14.fxg5 fxe5 15.
dxe5 d4 16.Nxd4 Bc5 17.Nc2 Ndxe5 18.Qe2 Ng4+ 19.Kg3 Nxe3 20.Nxe3 Bxe3 21.
Rhe1 Bf4+ 22.Kh4 h6 23.gxh6 Bxh6 24.Kh5 Kg7 25.Ne5 Qd4 26.g3 Qxe5+ 27.
Qxe5+ Nxe5 28.Rxe5 Bd7 29.Rae1 Rh8 30.Kg4 Bd2 31.R1e2 Kf6 32.Bb5 Rag8+ 33.
Kf3 Bc8 34.Bc4 Re8 35.g4 Bb4 36.g5+ Kg6 37.Bd3+ Kg7 38.Rc2 Re7 39.b3 Rh3+ 
40.Kg4 Rxd3 41.Rxc8 Rxb3 42.Re2 Bd6 43.Rf2 Rf7 44.Rxf7+ Kxf7 45.Rh8 Rb4+ 
46.Kh5 Kg7 47.Rd8 Bxh2 48.Rd7+ Kf8 49.g6 Be5 50.Kh6 Rxa4 51.Rxb7 Rh4+ 52.
Kg5 Rb4 53.Rf7+ Ke8 54.Ra7 Rb5 55.Kh6 Bf4+ 56.Kh7 Rh5+ 57.Kg8 Be3 58.Ra8+ 
Ke7 59.Rf8 Bd4 60.Rf7+ Kd6 61.Rf4 Be5 62.Ra4 Ke7 63.g7 Rg5 64.Rxa5 Rxg7+ 
65.Kh8 Rg5+ 66.Kh7 Kf6 67.Ra2 Bf4 68.Ra6 Rg7+ 69.Kh8 Re7 0-1

[Event "1994/95 Cepacol Australian Open"]
[Site "Kings Perth Hotel"]
[Date "1995.01.10"]
[Round "11"]
[White "Wastell, Gary"]
[Black "Teh, Eu-Jin"]
[Result "0-1"]
[WhiteElo "1864"]
[BlackElo "1862"]

1.c4 e5 2.Nc3 Nf6 3.Nf3 Nc6 4.e3 g6 5.d4 exd4 6.exd4 d6 7.d5 Ne7 8.Bd3 Bg7
9.O-O O-O 10.Bg5 h6 11.Bh4 Bf5 12.Nd4 Qd7 13.Qd2 g5 14.Bg3 Ng4 15.Nxf5 
Nxf5 16.Bxf5 Qxf5 17.f4 Rae8 18.fxg5 Qxg5 19.Bf4 Qh5 20.Rae1 Ne5 21.b3 f5 
22.Nb5 Re7 23.Nd4 Rf6 24.c5 Rg6 25.cxd6 cxd6 26.Ne6 Nf3+ 27.Rxf3 Qxf3 28.
Ng5 Bd4+ 29.Kh1 Qxf4 0-1

[Event "1994/95 Cepacol Australian Open"]
[Site "Kings Perth Hotel"]
[Date "1995.01.10"]
[Round "11"]
[White "Hirschhorn, Jeremy"]
[Black "Maris, Rob"]
[Result "1/2-1/2"]
[WhiteElo "1987"]
[BlackElo "1821"]

1.e4 c5 2.Nf3 d6 3.c3 Nf6 4.Bd3 Nc6 5.Bc2 Bg4 6.h3 Bh5 7.Qe2 e6 8.d3 Nd7 
9.Nbd2 Be7 10.g4 Bg6 11.Nf1 h5 12.g5 h4 13.N1h2 Qb6 14.O-O f6 15.Kh1 O-O-O
16.Rg1 Rdg8 17.a3 Nd8 18.b4 Nf7 19.Bb3 Nf8 20.Qa2 Kd7 21.Ba4+ Kc8 22.bxc5 
dxc5 23.Rb1 Qc7 24.Qb3 c4 25.Qd1 Nd7 26.Bc2 cxd3 27.Qxd3 Nc5 28.Qe2 e5 29.
Rg4 Bh5 30.Rg1 fxg5 31.Qe1 Rd8 32.Bxg5 Nd3 33.Qf1 Bxg5 34.Bxd3 Qe7 35.Ba6 
Rd7 36.Nxg5 Nxg5 37.Qc4+ Kb8 38.Bxb7 Rxb7 39.Rxb7+ Qxb7 40.Rxg5 Bf7 41.Qd3
Be8 42.Qd8+ Qc8 43.Qd6+ Ka8 44.Rxg7 Bc6 45.Rg4 Qb7 46.Qd3 Qe7 47.Nf3 Bb7 
48.Qc4 a6 49.Kg2 Ka7 50.Qb4 Qf6 51.Qc5+ Ka8 52.Qxe5 Qd8 53.Qd4 Qf8 54.Ne5 
Rg8 55.Kh2 Rxg4 56.Nxg4 Qf4+ 57.Kg1 Bxe4 58.Qe3 Qf5 59.Kh2 Bb7 60.Qe8+ Ka7
61.Qe3+ Ka8 62.Qe5 Qb1 63.Qe8+ Ka7 64.Qe3+ Ka8 65.f3 Qb2+ 66.Nf2 Qxa3 67.
Ne4 a5 68.Qd4 Qa2+ 69.Kg1 Qb1+ 70.Kf2 Bxe4 71.fxe4 Qc2+ 72.Kf3 a4 73.Kg4 
Qb3 74.Qd8+ Ka7 75.Qc7+ Ka6 76.Qc6+ Ka7 77.Qc7+ Ka6 1/2-1/2

[Event "1994/95 Cepacol Australian Open"]
[Site "Kings Perth Hotel"]
[Date "1995.01.10"]
[Round "11"]
[White "Hanks, John N"]
[Black "Jahangirian, Mohammad"]
[Result "1-0"]
[WhiteElo "1903"]
[BlackElo "1729"]

1.d4 Nf6 2.c4 g6 3.Nc3 Bg7 4.e4 O-O 5.f4 d6 6.Nf3 Nbd7 7.Be2 c5 8.d5 Nb6 
9.O-O Ng4 10.h3 Nf6 11.Kh2 e6 12.Bd3 exd5 13.exd5 Re8 14.Qc2 Nbd7 15.Bd2 
Nf8 16.Rae1 Bd7 17.Rxe8 Bxe8 18.f5 N6d7 19.fxg6 Nxg6 20.Bxg6 hxg6 21.Bf4 
Nf6 22.Bg5 Qd7 23.Re1 a6 24.a4 Qc7 25.b3 Bd7 26.Ne4 Nxe4 27.Qxe4 Re8 28.
Qb1 Kf8 29.Rxe8+ Bxe8 30.Qc1 f6 31.Bh6 Qb6 32.Bxg7+ Kxg7 33.Qe3 Qd8 34.Nd2
Qd7 35.Kg1 g5 36.g4 Bg6 37.Kf2 Kf7 38.Kg3 Qe7 39.Qxe7+ Kxe7 40.h4 gxh4+ 
41.Kxh4 Bc2 42.a5 Kf7 43.Kg3 Kg6 44.Kf4 Bd1 45.Ne4 Bxb3 46.Nxd6 Ba2 47.
Nxb7 Bxc4 48.d6 Bb5 49.Nxc5 Kf7 50.Kf5 Bc4 51.d7 Ke7 52.d8=Q+ Kxd8 53.Kxf6
Kc7 54.g5 Kd6 55.Ne4+ Kc6 56.g6 Bb3 57.g7 Bg8 58.Ke7 Kb5 59.Kf8 Bb3 60.
Nd6+ Kxa5 61.Nf7 Kb4 62.g8=Q Bxf7 63.Qxf7 a5 64.Qa2 a4 65.Ke7 a3 66.Kd6 
1-0

[Event "1994/95 Cepacol Australian Open"]
[Site "Kings Perth Hotel"]
[Date "1995.01.10"]
[Round "11"]
[White "Salter, Michael"]
[Black "COMP Novag Diamond"]
[Result "1/2-1/2"]
[WhiteElo "1883"]
[BlackElo "2100"]

1.e4 c5 2.Nf3 d6 3.c3 Nf6 4.Bd3 Nc6 5.Bc2 Bg4 6.d3 g6 7.h3 Bxf3 8.Qxf3 Bg7
9.Nd2 O-O 10.O-O d5 11.Re1 e6 12.Nf1 dxe4 13.dxe4 Qb6 14.Ne3 Rfd8 15.Qe2 
Qc7 16.a4 h6 17.Nc4 Rac8 18.Be3 Nd4 19.cxd4 cxd4 20.Bb3 dxe3 21.Qxe3 Nd7 
22.Red1 Nc5 23.Bc2 Rxd1+ 24.Bxd1 Nd3 25.Qxd3 Qxc4 26.Be2 Qxd3 27.Bxd3 Bxb2
28.Rb1 Rc1+ 29.Rxc1 Bxc1 30.Kf1 Kg7 31.Bb5 Kf6 32.Ke2 g5 33.Bd7 Ke5 34.Kd3
b6 35.Be8 f6 36.Bb5 Ba3 37.Ke3 Bc5+ 38.Kf3 h5 39.Bc6 Kd6 40.Bb5 Bd4 41.Be8
h4 42.Bb5 Ke5 43.Bc4 Bc5 44.Bb3 Bb4 45.Ke3 Bd6 46.Kf3 Bc5 47.Bc4 Bd4 48.
Bb3 1/2-1/2

[Event "1994/95 Cepacol Australian Open"]
[Site "Kings Perth Hotel"]
[Date "1995.01.10"]
[Round "11"]
[White "Silas, Frank"]
[Black "Harp, Joel"]
[Result "0-1"]
[WhiteElo "1780"]
[BlackElo "1728"]

1.e4 e6 2.d4 d5 3.e5 c5 4.c3 Nc6 5.f4 Qb6 6.Nf3 Bd7 7.Qb3 Nh6 8.Bd3 c4 9.
Qxb6 axb6 10.Bc2 b5 11.b4 cxb3 12.Bxb3 b4 13.Bb2 Na5 14.O-O Nxb3 15.axb3 
Rxa1 16.Bxa1 bxc3 17.Nxc3 Be7 18.Na4 O-O 19.Rc1 Bc6 20.Bc3 Ra8 21.Ra1 Ng4 
22.Nc5 Rxa1+ 23.Bxa1 Ne3 24.Kf2 Nc2 25.Bc3 Na3 26.g4 g6 27.h4 b6 28.Nd3 
Nb5 29.Bb4 Bd8 30.Ke3 Nc7 31.g5 Ne8 32.Kd2 Ng7 33.Kc3 Nf5 34.Nf2 Bb5 35.
Nd3 Ne3 36.Bd6 Ng2 37.Nde1 Nxf4 38.Kb4 Be2 39.Kc3 Kg7 40.Kd2 Bf1 41.Ke3 
Ng2+ 42.Nxg2 Bxg2 43.Nd2 h6 44.Kf4 b5 45.b4 Bh3 46.Nb3 Bf1 47.Nc5 hxg5+ 
48.hxg5 Kg8 49.Nb7 Bb6 50.Bc5 Bc7 51.Nd6 Bd8 52.Ne8 Kh7 53.Bf8 Kg8 54.Bg7 
Be7 55.Bf6 Bxb4 56.Ke3 Kf8 57.Nd6 Bc3 58.Nb7 b4 59.Na5 Bc4 60.Nxc4 dxc4 
61.Ke2 Ke8 62.Kd1 Bxd4 63.Kc2 Kd7 64.Kb1 Kc6 65.Kc2 Kd5 66.Be7 b3+ 67.Kb1 
Bc5 68.Bf6 c3 69.Kc1 Be3+ 70.Kb1 c2+ 0-1

[Event "1994/95 Cepacol Australian Open"]
[Site "Kings Perth Hotel"]
[Date "1995.01.10"]
[Round "11"]
[White "Koshnitsky, Ngan"]
[Black "Van Rooy, Andrew"]
[Result "1-0"]
[WhiteElo "1948"]
[BlackElo "1676"]

1.d4 Nf6 2.c4 c5 3.Nf3 cxd4 4.Nxd4 Nc6 5.Nc3 d5 6.cxd5 Nxd5 7.Nxc6 bxc6 8.
Bd2 e5 9.Qa4 Qd6 10.Nxd5 Qxd5 11.e4 Qe6 12.Be2 Bb7 13.O-O Bc5 14.Bc3 O-O 
15.Rad1 Bd4 16.Rxd4 exd4 17.Qxd4 Qg6 18.Qd7 Qxe4 19.Bd3 Qd5 20.Qg4 g6 21.
Qf4 Qd8 22.Bf6 Qd5 23.Qh6 1-0

[Event "1994/95 Cepacol Australian Open"]
[Site "Kings Perth Hotel"]
[Date "1995.01.10"]
[Round "11"]
[White "Field, Jason"]
[Black "Elkington, Derek"]
[Result "1-0"]
[WhiteElo "1786"]
[BlackElo "1507"]

1.e4 c5 2.Nf3 d6 3.Bb5+ Nd7 4.O-O a6 5.Bxd7+ Bxd7 6.c3 Nf6 7.e5 dxe5 8.
Nxe5 Be6 9.d4 cxd4 10.cxd4 g6 11.Nc3 Bg7 12.Qa4+ b5 13.Qa3 Qc7 14.Nxb5 Qb7
15.Nc3 O-O 16.Na4 Qb5 17.Nc5 Bd5 18.Qd3 Rfc8 19.Be3 Qb6 20.Rfc1 e6 21.b3 
Ne8 22.Ned7 Qc6 23.f3 Ra7 24.Ne5 Qb6 25.Rc2 Nd6 26.Rac1 Rd8 27.Ne4 Nf5 28.
Bf2 f6 29.Nc6 Rad7 30.Nxd8 Rxd8 31.Rc8 Rxc8 32.Rxc8+ Kf7 33.Qc3 Ne7 34.Qc7
Qb5 35.Nd6# 1-0

[Event "1994/95 Cepacol Australian Open"]
[Site "Kings Perth Hotel"]
[Date "1995.01.10"]
[Round "11"]
[White "Ninchich, Milan"]
[Black "Haasse, Adam"]
[Result "0-1"]
[WhiteElo "1563"]
[BlackElo "1659"]

1.e4 c5 2.Nf3 e6 3.d4 cxd4 4.Nxd4 Nc6 5.Be3 a6 6.Be2 Qc7 7.O-O Nf6 8.Nd2 
b5 9.c3 Bb7 10.Rc1 Rc8 11.f3 d5 12.N4b3 Bd6 13.h3 O-O 14.Nc5 Rfd8 15.Nxb7 
Qxb7 16.exd5 Nxd5 17.Bf2 Bf4 18.Kh1 Ne3 19.Bxe3 Bxe3 20.Rc2 Nb4 21.cxb4 
Rxc2 22.Qxc2 Rxd2 23.Rd1 Rxd1+ 24.Qxd1 Qc7 25.Bf1 Ba7 26.g3 h5 27.Qe1 Bb8 
28.b3 h4 29.f4 hxg3 30.Qxg3 Qc1 31.Kg2 Bxf4 32.Qd3 Qc6+ 33.Qf3 Qd6 34.Bd3 
g6 35.h4 Qxb4 36.h5 Qd2+ 37.Qe2 gxh5 38.Kh3 Qxe2 39.Bxe2 Bg5 40.Bxh5 b4 
41.Be2 a5 42.Kg4 f6 43.Bd3 Kf7 44.Bc2 Ke7 45.Bd3 Kd6 46.Bc4 Be3 47.Kf3 Bd2
48.Ke2 Bc3 49.Kd3 f5 50.a3 e5 51.axb4 axb4 52.Ke3 Ke7 53.Kf3 e4+ 54.Kf4 
Kf6 55.Ke3 Ke5 56.Ba6 f4+ 57.Ke2 f3+ 58.Kf1 e3 0-1

[Event "1994/95 Cepacol Australian Open"]
[Site "Kings Perth Hotel"]
[Date "1995.01.10"]
[Round "11"]
[White "List, Ross"]
[Black "Dunlop, Gordon"]
[Result "1/2-1/2"]
[WhiteElo "1651"]
[BlackElo "1783"]

1.d4 d5 2.c4 e6 3.Nc3 Nf6 4.cxd5 exd5 5.Bg5 Be7 6.e3 O-O 7.Nf3 c6 8.Qc2 
Bg4 9.Be2 Nbd7 10.O-O h6 11.Bh4 Ne4 12.Bxe7 Qxe7 13.Nd2 Bxe2 14.Nxe2 f5 
15.Nxe4 fxe4 16.Rab1 Rf6 17.b4 a6 18.Nc1 Raf8 19.Qe2 Nb6 20.Nb3 Nc4 21.Nd2
Nd6 22.Rfe1 Nb5 23.Rb3 Qf7 24.Rf1 Qg6 25.Kh1 Rf5 26.a4 Nd6 27.f3 exf3 28.
Rxf3 Qh5 29.Rb1 Ne4 30.Nxe4 dxe4 31.Qc4+ Kh8 32.Rxf5 Qxf5 33.Qe2 Qf2 34.
Qxf2 Rxf2 35.Kg1 Ra2 36.b5 axb5 37.axb5 Rc2 38.bxc6 bxc6 39.Rb8+ Kh7 40.
Kf1 Kg6 41.Rf8 c5 42.dxc5 Rxc5 43.Rf4 Rf5 44.Ke2 Rxf4 45.exf4 Kf5 46.Ke3 
g5 47.fxg5 hxg5 48.h3 Ke5 49.g3 Kd5 50.h4 gxh4 1/2-1/2

[Event "1994/95 Cepacol Australian Open"]
[Site "Kings Perth Hotel"]
[Date "1995.01.10"]
[Round "11"]
[White "Shaw, Robin"]
[Black "Teh, Sulyn"]
[Result "1/2-1/2"]
[WhiteElo "1725"]
[BlackElo "1531"]

1.e4 d6 2.Nf3 Nf6 3.d3 g6 4.c4 c5 5.Nc3 Bg7 6.Be2 O-O 7.Bg5 h6 8.Be3 Nc6 
9.h3 Qa5 10.Qd2 Kh7 11.d4 cxd4 12.Nxd4 Nxd4 13.Bxd4 Nxe4 14.Bb6 Nxd2 15.
Bxa5 Bxc3 16.Bxc3 Ne4 17.Bd4 e5 18.Be3 f5 19.Bf3 Nc5 20.O-O-O e4 21.Be2 f4
22.Bxc5 dxc5 23.Rd5 b6 24.Re5 Bf5 25.Rd1 Rf7 26.g4 fxg3 27.fxg3 Bxh3 28.
Rxe4 Bg2 29.Re6 Bh3 30.g4 Rg8 31.Rg1 h5 32.Rh1 Bg2 33.Rh2 Bf3 34.gxh5 gxh5
35.Bxf3 Rxf3 36.Rxh5+ Kg7 37.Re7+ Rf7 38.Rxf7+ Kxf7 39.Rh7+ 1/2-1/2

[Event "1994/95 Cepacol Australian Open"]
[Site "Kings Perth Hotel"]
[Date "1995.01.10"]
[Round "11"]
[White "Baumgartner, Robert"]
[Black "Egan, William"]
[Result "1-0"]
[WhiteElo "1657"]
[BlackElo "1514"]

1.e4 e6 2.d4 d5 3.Nc3 Nf6 4.Bg5 dxe4 5.Nxe4 Nbd7 6.Bd3 Be7 7.Bxf6 Nxf6 8.
Nf3 O-O 9.O-O b6 10.c3 Bb7 11.Qc2 Nxe4 12.Bxe4 Bxe4 13.Qxe4 h6 14.Rad1 Qd5
15.Qb1 Bd6 16.b3 Rae8 17.Rfe1 Qh5 18.Re4 g5 19.Rde1 g4 20.Ne5 f6 21.Rxg4+ 
1-0

[Event "1994/95 Cepacol Australian Open"]
[Site "Kings Perth Hotel"]
[Date "1995.01.10"]
[Round "11"]
[White "Chai, Patrick"]
[Black "D'Souza, Betty-Jo"]
[Result "1-0"]
[WhiteElo "1632"]
[BlackElo "1207"]

1.e4 e5 2.Nf3 Nc6 3.Bb5 a6 4.Ba4 b5 5.Bb3 Nf6 6.d3 Bc5 7.Bg5 d6 8.h3 O-O 
9.O-O h6 10.Bh4 Nd4 11.Nbd2 Be6 12.Nxd4 Bxd4 13.c3 Bb6 14.Nf3 g5 15.Nxg5 
hxg5 16.Bxg5 Kg7 17.Qf3 Rg8 18.h4 Qe7 19.Bd1 c5 20.h5 Bd8 21.Qg3 Nxh5 22.
Bf6+ Kh7 23.Qxg8+ Kxg8 24.Bxe7 Nf4 25.Bxd6 Nxd3 26.Bc2 Nxb2 27.Bxe5 Be7 
28.Bb3 c4 29.Bc2 Rd8 30.Bd4 b4 31.Rab1 bxc3 32.Bxc3 Nd3 33.Rfd1 Bc5 34.Rd2
Rd6 35.Kf1 Bd7 36.Rb8+ Kh7 37.Rh8+ Kg6 38.Rg8+ Kh6 39.Rg3 Kh5 40.Rf3 Be8 
41.Rf5+ Kg4 42.Bd1+ 1-0

[Event "1994/95 Cepacol Australian Open"]
[Site "Kings Perth Hotel"]
[Date "1995.01.10"]
[Round "11"]
[White "Tindall, Brett"]
[Black "Cordover, David"]
[Result "0-1"]
[WhiteElo "1851"]
[BlackElo "1688"]

1.e4 c5 2.Nf3 Nc6 3.d4 cxd4 4.Nxd4 Nf6 5.Nc3 e5 6.Ndb5 d6 7.Bg5 a6 8.Na3 
b5 9.Bxf6 gxf6 10.Nd5 f5 11.Qh5 fxe4 12.Bxb5 axb5 13.Nxb5 Be6 14.Ndc7+ Kd7
15.Nxa8 Qxa8 16.O-O Rg8 17.Rfd1 Rg7 18.Qe2 f5 19.c4 Be7 20.f3 Nd4 21.Nxd4 
exd4 22.fxe4 Qxe4 23.Qxe4 fxe4 24.Rxd4 d5 25.Rd2 Bc5+ 26.Kh1 e3 27.Rd3 d4 
28.Rad1 Kc6 29.g3 Bxc4 30.Rxd4 e2 0-1

[Event "1994/95 Cepacol Australian Open"]
[Site "Kings Perth Hotel"]
[Date "1995.01.10"]
[Round "11"]
[White "Paxman, Jonathan"]
[Black "Dix, Peter"]
[Result "1-0"]
[WhiteElo "1612"]
[BlackElo "1787"]

1.c4 Nf6 2.Nc3 g6 3.g3 Bg7 4.Bg2 O-O 5.e3 d6 6.Nge2 e5 7.O-O c6 8.d4 Qe7 
9.Re1 Nbd7 10.b3 Re8 11.Ba3 e4 12.Rb1 a5 13.Qc2 Nf8 14.Rbd1 Bf5 15.d5 c5 
16.Kh1 h5 17.h4 Ng4 18.Ng1 Bxc3 19.Qxc3 Nxf2+ 20.Kh2 Ng4+ 21.Kh1 Nf2+ 22.
Kh2 Nxd1 23.Rxd1 Nd7 24.Bb2 Ne5 25.Bh3 Qd7 26.Rf1 Bg4 27.a4 Bxh3 28.Nxh3 
Qg4 29.Nf2 Qe2 30.Kg1 f5 31.Kg2 Qf3+ 32.Kh2 Qxe3 33.Qxe3 1-0

[Event "1994/95 Cepacol Australian Open"]
[Site "Kings Perth Hotel"]
[Date "1995.01.10"]
[Round "11"]
[White "Klimenko, Veronica"]
[Black "Stojkovski, Vlade"]
[Result "1-0"]
[WhiteElo "1722"]
[BlackElo "1561"]

1.e4 e5 2.Nf3 Nc6 3.Bc4 Be7 4.d4 exd4 5.Nxd4 Nxd4 6.Qxd4 Nf6 7.Nc3 d6 8.
O-O O-O 9.Bf4 Nh5 10.Be3 Be6 11.Be2 Nf6 12.f4 Nd7 13.f5 Bf6 14.Qd2 Bxa2 
15.Rxa2 a6 16.Bf3 Rb8 17.Nd5 Be5 18.Bg5 f6 19.Be3 c6 20.Nf4 Qe7 21.Ne6 
Rfc8 22.Be2 c5 23.Bc4 Kh8 24.Rf3 b5 25.Bd5 Rb6 26.Rh3 Nf8 27.Qe2 Bd4 28.
Nxd4 cxd4 29.Bxd4 Rbb8 30.Rxa6 Rc7 31.Rha3 Rbc8 32.c3 b4 33.Ra1 bxc3 34.
bxc3 Rb8 35.Ra8 Rcc8 36.Rxb8 Rxb8 37.Qc2 Qe8 38.c4 Nd7 39.Bc6 Qe7 40.Ra7 
Rd8 41.Qa4 d5 42.Rxd7 Rxd7 43.Bxd7 h6 44.Qa8+ Kh7 45.Qxd5 Qb4 46.h3 Qe1+ 
47.Kh2 Qd2 48.Bg1 h5 49.Qxd2 1-0

[Event "1994/95 Cepacol Australian Open"]
[Site "Kings Perth Hotel"]
[Date "1995.01.10"]
[Round "11"]
[White "Fonteneau, Andrew"]
[Black "Stannard, Vernon"]
[Result "1/2-1/2"]
[WhiteElo "1482"]
[BlackElo "1639"]

1.e4 e5 2.Nf3 Nc6 3.Nc3 Nf6 4.d4 Bb4 5.a3 Bxc3+ 6.bxc3 Nxe4 7.Qd3 d5 8.c4 
exd4 9.Nxd4 Nxf2 10.Qe2+ Ne4 11.Bb2 O-O 12.O-O-O Qg5+ 13.Kb1 Nxd4 14.Rxd4 
Bg4 15.Qe1 c6 16.Bd3 Bf5 17.cxd5 Rae8 18.Bxe4 Qg6 19.dxc6 bxc6 20.Qc3 Rxe4
21.Rxe4 Bxe4 1/2-1/2

[Event "1994/95 Cepacol Australian Open"]
[Site "Kings Perth Hotel"]
[Date "1995.01.10"]
[Round "11"]
[White "Macey, Daniel"]
[Black "Kueh, Michael"]
[Result "1-0"]
[WhiteElo "1586"]
[BlackElo "1677"]

1.d4 g6 2.e4 Bg7 3.f4 e6 4.Nf3 Ne7 5.Be3 d6 6.Be2 Nd7 7.Nc3 a6 8.a4 b6 9.
Qd2 Bb7 10.h4 h5 11.Ng5 d5 12.g4 hxg4 13.Bxg4 dxe4 14.h5 Nf8 15.O-O-O Qd7 
16.Rh2 f6 17.Ngxe4 f5 18.h6 1-0